header

Lessons from East Asia and the global financial crisis (Record no. 115252)

MARC details
000 -LEADER
fixed length control field 01438nam a2200337 a 4500
245 10 - TITLE STATEMENT
Title Lessons from East Asia and the global financial crisis
260 ## - PUBLICATION, DISTRIBUTION, ETC. (IMPRINT)
Place of publication Washington, D.C. :
Name of publisher World Bank,
Year of publication 2011.
300 ## - PHYSICAL DESCRIPTION
Number of Pages ix, 374 p. :
Other physical details ill.
650 #0 - SUBJECT ADDED ENTRY--TOPICAL TERM
Topical Term Finance
Topical Term Global Financial Crisis, 2008-2009
Topical Term Financial crises
700 1# - ADDED ENTRY--PERSONAL NAME
Personal name Justin, Yifu Lin.
Personal name Pleskovic, Boris.
856 40 - ELECTRONIC LOCATION AND ACCESS
Uniform Resource Identifier http://site.ebrary.com/lib/rucke/Doc?id=10476324

No items available.

© 2026 Rongo University
Contact us: librarian | system librarian | Rongo university